All Incorporated Municipalities of Steuben County, New York - Statistics

General Stats
  • This quiz has been taken 6 times
  • The average score is 29 of 47
Answer Stats
Answer % Correct
Bath
100%
Bath
100%
Corning
100%
Corning
100%
Hammondsport
100%
Hornell
100%
Addison
80%
Addison
80%
Arkport
80%
Campbell
80%
Hornby
80%
Painted Post
80%
Riverside
80%
Savona
80%
Avoca
60%
Avoca
60%
Cameron
60%
Canisteo
60%
Canisteo
60%
Caton
60%
Cohocton
60%
Cohocton
60%
Dansville
60%
Erwin
60%
Hornellsville
60%
Jasper
60%
Lindley
60%
Rathbone
60%
Troupsburg
60%
Wayland
60%
Wayland
60%
Woodhull
60%
Bradford
40%
Greenwood
40%
Howard
40%
North Hornell
40%
Prattsburgh
40%
Pulteney
40%
South Corning
40%
Thurston
40%
Tuscarora
40%
Urbana
40%
Wayne
40%
West Union
40%
Wheeler
40%
Fremont
20%
Hartsville
20%
No matching quizzes found
Score Distribution
Percent of People with Each Score
Percentile by Number Answered
Your Score History
You have not taken this quiz